<?xml version="1.0" encoding="UTF-8"?>
<record
    xmlns:xsi="http://www.w3.org/2001/XMLSchema-instance"
    xsi:schemaLocation="http://www.loc.gov/MARC21/slim http://www.loc.gov/standards/marcxml/schema/MARC21slim.xsd"
    xmlns="http://www.loc.gov/MARC21/slim">

  <leader>00782nam a22002057a 4500</leader>
  <controlfield tag="003">OSt</controlfield>
  <controlfield tag="005">20240529113847.0</controlfield>
  <controlfield tag="008">240521b           ||||| |||| 00| 0 eng d</controlfield>
  <datafield tag="040" ind1=" " ind2=" ">
    <subfield code="c">AIMIT LIBRARY</subfield>
  </datafield>
  <datafield tag="100" ind1=" " ind2=" ">
    <subfield code="a">Shanbhogue G, Ananth.</subfield>
    <subfield code="e">2016019</subfield>
    <subfield code="9">166435</subfield>
  </datafield>
  <datafield tag="245" ind1=" " ind2=" ">
    <subfield code="a">A Study on financial performance of mangalore tiles limited at Kundapura /</subfield>
    <subfield code="c">By Ananth Shanbhogue G ; Guided by Vasanth G.</subfield>
  </datafield>
  <datafield tag="260" ind1=" " ind2=" ">
    <subfield code="a">Udupi ;</subfield>
    <subfield code="c">2022.</subfield>
  </datafield>
  <datafield tag="650" ind1=" " ind2=" ">
    <subfield code="a">Industry profile company profile and introduction to study</subfield>
    <subfield code="9">168379</subfield>
  </datafield>
  <datafield tag="650" ind1=" " ind2=" ">
    <subfield code="a">Literature review /mapping</subfield>
    <subfield code="9">168380</subfield>
  </datafield>
  <datafield tag="650" ind1=" " ind2=" ">
    <subfield code="a">Problem identification formulation and specification</subfield>
    <subfield code="9">168381</subfield>
  </datafield>
  <datafield tag="650" ind1=" " ind2=" ">
    <subfield code="a">Data analysis and interpretations</subfield>
    <subfield code="9">168382</subfield>
  </datafield>
  <datafield tag="700" ind1=" " ind2=" ">
    <subfield code="a">G Vasanth.</subfield>
    <subfield code="e">Guide</subfield>
    <subfield code="9">166436</subfield>
  </datafield>
  <datafield tag="856" ind1=" " ind2=" ">
    <subfield code="3">Mangalore Tiles Ltd.</subfield>
  </datafield>
  <datafield tag="942" ind1=" " ind2=" ">
    <subfield code="2">ddc</subfield>
    <subfield code="c">PRO</subfield>
  </datafield>
  <datafield tag="999" ind1=" " ind2=" ">
    <subfield code="c">230849</subfield>
    <subfield code="d">230849</subfield>
  </datafield>
  <datafield tag="952" ind1=" " ind2=" ">
    <subfield code="0">0</subfield>
    <subfield code="1">0</subfield>
    <subfield code="2">ddc</subfield>
    <subfield code="4">0</subfield>
    <subfield code="7">1</subfield>
    <subfield code="8">PR_MBA</subfield>
    <subfield code="a">AIMIT</subfield>
    <subfield code="b">AIMIT</subfield>
    <subfield code="c">PRB</subfield>
    <subfield code="d">2024-05-21</subfield>
    <subfield code="l">0</subfield>
    <subfield code="p">PRB01876</subfield>
    <subfield code="r">2024-05-21 00:00:00</subfield>
    <subfield code="t">2016019</subfield>
    <subfield code="w">2024-05-21</subfield>
    <subfield code="y">PRO</subfield>
  </datafield>
</record>
